| 000 | 00443nam a2200157Ia 4500 | ||
|---|---|---|---|
| 008 | 210716s2002 xx 000 0 und d | ||
| 020 | _a817808726X | ||
| 041 | _aeng | ||
| 082 | _a005.133 VENM | ||
| 100 | _aVenkateshmurthy, M G. | ||
| 245 |
_aProgramming techniques through c: a beginners companion. _bA beginners companion. |
||
| 250 | _a1 | ||
| 260 |
_aNew Delhi _bPearson Education _c2002 |
||
| 300 | _axi,271 | ||
| 650 | _aC Programming | ||
| 999 |
_c185513 _d185513 |
||